Statistiken für Wir sind Versandsoldaten

Klicken Sie hier um das Quiz zu spielen!

Allgemein

  • Dieses Quiz wurde 7 mal gespielt
  • Das Durchschnittsergebnis liegt bei 101 aus 202

Antwortstatistiken

Antwort% Korrekt
auf
100%
die
100%
sind
100%
Versandsoldaten
100%
wir
100%
ab
83%
da
83%
er
83%
Er
83%
Türe
83%
groß
67%
ich
67%
Ich
67%
ist
67%
kein
67%
nicht
67%
Nix
67%
nix
67%
obdachlos
67%
Pakete
67%
rein
67%
Trepp
67%
von
67%
Wenn
67%
wenn
67%
Zettel
67%
an
50%
Bin
50%
bin
50%
Bring
50%
der
50%
Ding
50%
Dong !
50%
Dong
50%
Ford
50%
im
50%
immer
50%
Keiner
50%
Kommando
50%
Logistikproletariat
50%
man
50%
Mensch
50%
schwer
50%
Tier
50%
Treppe
50%
warten
50%
Zalando
50%
ansieht
33%
Arbeit
33%
Auch
33%
Bikinis
33%
Gefangen
33%
in
33%
läutet
33%
liefern
33%
mir's
33%
Nein
33%
niemals
33%
noch
33%
Paketkurier
33%
Pausenzeit
33%
Sushi
33%
Transit
33%
und
33%
Vom
33%
Wenigstens
33%
wohne
33%
ausgebeutet
17%
befreit
17%
bitte)
17%
dass
17%
doch
17%
(Guten
17%
kalt
17%
Menschen
17%
Mindestlohn
17%
Mist
17%
(oh
17%
Schneesturm
17%
Selbstständigkeit
17%
Sub
17%
Tag !)
17%
trennt
17%
Was
17%
Werden
17%
wird
17%
App
0%
Arbeitsrechts
0%
Baracke
0%
befristet
0%
Dankeschön !)
0%
des
0%
dürfen
0%
(einmal
0%
getrackt
0%
hier
0%
klage
0%
Mein
0%
Meine
0%
per
0%
sachgrundlos
0%
Schutz
0%
sehr
0%
Standord
0%
Subunternehmer
0%
Trebegänger
0%
Unterschrift
0%
verdreckt
0%

Verteilung der Resultate

Perzentil nach korrekt beantworteten Fragen

Anzahl Personen mit jedem Resultat

Ihre Resultats-Entwicklung

Sie haben dieses Quiz noch nicht gespielt